Statistiken für Tiere mit "Z" aufzählen

Klicken Sie hier um das Quiz zu spielen!

Allgemein

  • Dieses Quiz wurde 61 mal gespielt
  • Das Durchschnittsergebnis liegt bei 6 aus 27

Antwortstatistiken

Tier mit Z% Korrekt
Zebra
98%
Ziege
59%
Zecke
45%
Zander
37%
Zaunkönig
37%
Zitteraal
29%
Zwergesel
29%
Zwergkaninchen
27%
Zobel
20%
Zwerghamster
18%
Zwergpinscher
16%
Zebrafisch
14%
Ziesel
14%
Zitronenfalter
14%
Zahnwal
12%
Zauneidechse
12%
Zebrafink
12%
Zackenbarsch
10%
Zirpe
10%
Zweifingerfaultier
10%
Zwergotter
10%
Zwergpudel
10%
Zikade
8%
Zeisig
2%
Zitterrochen
2%
Zorilla
2%
Zwergfledermaus
0%

Verteilung der Resultate

Perzentil nach korrekt beantworteten Fragen

Anzahl Personen mit jedem Resultat

Ihre Resultats-Entwicklung

Sie haben dieses Quiz noch nicht gespielt